Escudos Municipios Murcia - Estadísticas

Estadísticas generales
  • Esta prueba ha sido intentada 48 veces
  • La puntuación promedio es 10 de 45
Estadísticas de respuestas
Imagen Respuesta % Correcto
Bullas
81%
Lorca
58%
Yecla
58%
Cartagena
54%
Murcia
50%
Águilas
42%
Caravaca
38%
Fuente Álamo de Murcia
38%
Ojós
35%
Mula
31%
San Javier
31%
Alcantarilla
27%
Abanilla
23%
Abarán
23%
Molina de Segura
23%
San Pedro del Pinatar
23%
Santomera
23%
Torre Pacheco
23%
Blanca
19%
Cehegín
19%
Cieza
19%
Mazarrón
19%
Puerto Lumbreras
19%
Albudeite
15%
Calasparra
15%
Campos del Río
15%
Ceutí
15%
Las Torres de Cotillas
15%
La Unión
15%
Moratalla
15%
Aledo
12%
Alguazas
12%
Alhama de Murcia
12%
Archena
12%
Beniel
12%
Fortuna
12%
Lorquí
12%
Los Alcázares
12%
Ricote
12%
Totana
12%
Ulea
12%
Jumilla
8%
Villanueva del Río Segura
8%
Librilla
4%
Pliego
4%
No se encontraron pruebas coincidentes
Distribución de puntuación
Porcentaje de gente con cada puntuación
Porcentaje por número respondido
Historial de tus puntuaciones
No has intentado esta prueba.